000 00810nam a22002537a 4500
005 20250326114819.0
008 250326b |||||||| |||| 00| 0 eng d
020 _a9789395696081
037 _cREF
040 _aLCT
_cLCT
041 _2eng
_aeng
084 _aZ44:(G:5) R3
100 _a Bohra, Saroj (Sharma)
_9747595
245 _aBiodiversity Law in India:
_bIssues, Policies and Prospects/
260 _aBanglore, India:
_bThomson Reuters,
_c2023
300 _axx, 218p.
650 _aNatural resources
650 _aBiodiversity Law in India
_9747596
650 _abiodiversity
650 _aBiotechnology
650 _aIntellectual property
_9583124
700 _a Bohra, Saroj (Sharma)
_eeditor.
_9747595
942 _2CC
_cREF
_hZ44:(G:5) R3
_n0
999 _c1269279
_d1269279